000 00461nam a2200181Ia 4500
001 11406
005 20260306162825.0
008 260306t2010||||xx |||||||||||||| ||spa||
041 _aESP
082 _a985.04
_bP43A
100 _aPeralta Ruiz, Víctor,
_eAUT
245 0 _aLa independencia y la cultura política peruana (1808-1821)
260 _c2010
300 _a385 páginas :
_c20 cm.
650 _aGEN
654 _aCHU
942 _cLIB
_dJUS
_fJUS
_2ddc
_n
999 _c11406
_d11406